European Countries by Largest Non-Capitals Quiz Stats

Quiz Updated Jul 13, 2016

Also try: Capitals of Europe
Challenge
Share
Tweet
Embed
Score 0/45 Timer 05:00
0 Plays Today
Largest City Country % Correct
BarcelonaSpain
99%
İstanbulTurkey
98.5%
HamburgGermany
98.2%
MilanItaly
98.2%
Saint PetersburgRussia
97.4%
MarseilleFrance
96.8%
ZürichSwitzerland
95.7%
BirminghamUnited Kingdom
94.3%
KrakówPoland
92.6%
RotterdamNetherlands
91.4%
CorkIreland
88.7%
AntwerpBelgium
87.8%
ThessaloníkiGreece
85.6%
PortoPortugal
83.6%
GöteborgSweden
77.9%
BergenNorway
69.4%
SplitCroatia
61.7%
GrazAustria
56.5%
KharkivUkraine
53.7%
AarhusDenmark
53.1%
BrnoCzechia
47.4%
Les EscaldesAndorra
42.9%
EspooFinland
40.3%
Largest City Country % Correct
KaunasLithuania
38.9%
LimassolCyprus
37.6%
KošiceSlovakia
32.9%
Novi SadSerbia
32.7%
DebrecenHungary
32%
Esch-sur-AlzetteLuxembourg
31.9%
PlovdivBulgaria
29.7%
IașiRomania
29.4%
MariborSlovenia
29.4%
TartuEstonia
28.1%
DaugavpilsLatvia
25.6%
SerravalleSan Marino
25.3%
Banja LukaBosnia and Herzegovina
24.2%
SchaanLiechtenstein
24.2%
NikšićMontenegro
22.2%
KópavogurIceland
22%
TiraspolMoldova
21.4%
DurrësAlbania
20.3%
BirkirkaraMalta
20%
GomelBelarus
17.6%
PrizrenKosovo
17.2%
BitolaMacedonia
16.5%

You're not logged in!

Compare scores with friends on all Sporcle quizzes.
Join for Free
OR
Log In

You Might Also Like...

Show Comments

Extras

Top Quizzes Today


Score Distribution

Your Account Isn't Verified!

In order to create a playlist on Sporcle, you need to verify the email address you used during registration. Go to your Sporcle Settings to finish the process.

Report this User

Report this user for behavior that violates our Community Guidelines.

Details: